|
|
|
|
| LEADER |
00000nam0a2200000 4500 |
| 001 |
267476 |
| 005 |
20231101234102.0 |
| 020 |
|
|
|a RU
|b 86-96626
|
| 035 |
|
|
|a (RuTPU)RU\TPU\book\290533
|
| 090 |
|
|
|a 267476
|
| 100 |
|
|
|a 20140730d1986 e y0rusy5003 ca
|
| 101 |
0 |
|
|a rus
|
| 102 |
|
|
|a RU
|
| 105 |
|
|
|a a z 001zb
|
| 200 |
1 |
|
|a А. Н. Бах
|e книга для учащихся
|f Г. И. Чуприна, С. С. Кривобокова
|
| 210 |
|
|
|a Москва
|c Просвещение
|d 1986
|
| 215 |
|
|
|a 124 с.
|c ил.
|d 22 см
|
| 225 |
1 |
|
|a Люди науки
|
| 320 |
|
|
|a Библиогр.: с. 126 (8 назв.)
|
| 600 |
|
1 |
|a Бах
|b А. Н.
|f 1857-1946
|g Алексей Николаевич
|c российский биохимик
|2 stltpush
|3 (RuTPU)RU\TPU\pers\6736
|
| 606 |
1 |
|
|a Биохимия
|2 stltpush
|3 (RuTPU)RU\TPU\subj\68098
|9 83635
|
| 610 |
1 |
|
|a история
|
| 610 |
1 |
|
|a СССР
|
| 610 |
1 |
|
|a 19 век
|
| 610 |
1 |
|
|a 20 век
|
| 610 |
1 |
|
|a революционные деятели
|
| 610 |
1 |
|
|a революционеры
|
| 610 |
1 |
|
|a биографии
|
| 610 |
1 |
|
|a персоналии
|
| 675 |
|
|
|a 577.1(092)
|z rus
|v 3
|
| 700 |
|
1 |
|a Чуприна
|b Г. И.
|g Галина Иасоновна
|4 070
|
| 701 |
|
1 |
|a Кривобокова
|b С. С.
|g Светлана Сергеевна
|4 070
|
| 801 |
|
0 |
|a RU
|b RuMRKP
|c 19950417
|g psbo
|
| 801 |
|
1 |
|a RU
|b 63413507
|c 20140730
|
| 801 |
|
2 |
|a RU
|b 63413507
|c 20160704
|g RCR
|
| 942 |
|
|
|c BK
|